000 01299cam a22001934a 4500
005 20250605163943.0
008 250528s ||||||||||||||||||||||||d
035 _a15092
020 _a9602181826
040 _aGR-AtMCL
_bgre
_dGR-AtMCL
_eAACR2
245 1 _aΜάνατζμεντ Υψηλής Απόδοσης / Ένας Σύμβουλος Οργάνωσης για Μάνατζερς σε όλα τα Επίπεδα
260 _bAddison-Wesley Publishing Company,
_c1996
300 _a334
520 _aΣυνδυάζοντας την εννοιολογική κομψότητα με μια πρακτική κατανόηση των πραγματικών περιπτώσεων που οι μάντζερς συναντούν καθημερινά, το Μάνατζμεντ Υψηλής Απόδοσης είναι απ'αυτά τα σπάνια βιβλία που έχουν τη δύναμη νάλλάξουν ριζικά τον τρόπο δουλειάς μας. Εισαγωγή, Το Εργοστάσιο Πρωϊνών, Η Διοίκηση είναι Ένα Ομαδικό Παιχνίδι, Ομάδα Αποτελούμενη από Ομάδες, Οι Παίκτες, Σημειώσεις.
700 1 _aGrove Andrew S
_9940
942 _cBK
999 _c691
_d691